Statistics for Most Commonly Spoken Language in Each European Country

Click here to take the quiz!

General Stats

  • This quiz has been taken 44 times
  • The average score is 44 of 45

Answer Stats

CountryLanguage% Correct
Bosnia and HerzegovinaBosnian
100%
Czech republicCzech
100%
NetherlandsDutch
100%
BelgiumDutch
100%
United KingdomEnglish
100%
IrelandEnglish
100%
MaltaEnglish
100%
FinlandFinnish
100%
LuxembourgFrench
100%
MonacoFrench
100%
FranceFrench
100%
SwitzerlandGerman
100%
GermanyGerman
100%
AustriaGerman
100%
LiechtensteinGerman
100%
GreeceGreek
100%
HungaryHungarian
100%
San MarinoItalian
100%
ItalyItalian
100%
Vatican CityItalian
100%
NorwayNorwegian
100%
PolandPolish
100%
RomaniaRomanian
100%
MoldovaRomanian
100%
RussiaRussian
100%
BelarusRussian
100%
SerbiaSerbo-Croatian
100%
MontenegroSerbo-Croatian
100%
CroatiaSerbo-Croatian
100%
SlovakiaSlovak
100%
SloveniaSlovene
100%
SpainSpanish
100%
SwedenSwedish
100%
AlbaniaAlbanian
98%
KosovoAlbanian
98%
BulgariaBulgarian
98%
DenmarkDanish
98%
EstoniaEstonian
98%
LatviaLatvian
98%
LithuaniaLithuanian
98%
North MacedoniaMacedonian
98%
PortugalPortuguese
98%
IcelandIcelandic
95%
UkraineUkrainian
95%
AndorraCatalan
75%

Score Distribution

Percentile by Number Answered

Percent of People with Each Score

Your Score History

You have not taken this quiz